000 00761nam a2200289Ia 4500
005 20260324130622.0
008 008 260324s9999 xx 000 0 eng d
020 _a9780203015148
037 _aEBOOK
040 _aCRL
040 _beng
040 _cCRL
041 _2eng
041 _aeng
084 _qCRL
100 _aJane Andrews; Anthony Feiler; Pamela Greenhough; Martin Hughes; David Johnson; Mary Scanlan; Wan Ching Yee
_91182460
245 0 _aImproving Primary Literacy
245 0 _bLinking Home and School
260 _bTaylor and Francis
260 _c2007
365 _a
365 _b135
856 _uhttp://www.taylorfrancis.com/books/9780203015148
942 _cEBOOK
999 _c1778788
_d1778788